Disadvantages of the Replacement Ratio Indicator with Calculation of a New Variant of This Indicator: A Case Study of Czech Republic
Analýza nahradenia ratio indikátora - vzťahu medzi priemernou mzdou a priemerným dôchodkom. Analýza spotrebiteľských nákupných košov pre dôchodcov a ich výdavkov. Koncepcia takzvaného reálneho náhradného pomeru. Reálny náhradný pomer zohľadňuje vplyv významných nákladových položiek a nákladových pol...
Enregistré dans:
| Auteur principal: | |
|---|---|
| Format: | Chapitre de livre |
| Langue: | anglais |
| Sujets: | |
| Tags: |
Pas de tags, Soyez le premier à ajouter un tag!
|
MARC
| LEADER | 00000nla a2200000 4500 | ||
|---|---|---|---|
| 001 | 0243829 | ||
| 005 | 20220803170652.7 | ||
| 041 | 0 | |a eng | |
| 044 | |a MK | ||
| 245 | 1 | 0 | |a Disadvantages of the Replacement Ratio Indicator with Calculation of a New Variant of This Indicator: A Case Study of Czech Republic |c Vladimir Stipek |
| 520 | |a Analýza nahradenia ratio indikátora - vzťahu medzi priemernou mzdou a priemerným dôchodkom. Analýza spotrebiteľských nákupných košov pre dôchodcov a ich výdavkov. Koncepcia takzvaného reálneho náhradného pomeru. Reálny náhradný pomer zohľadňuje vplyv významných nákladových položiek a nákladových položiek, ktorých cena stúpa. | ||
| 610 | 2 | 0 | |a index nákladov životných |
| 610 | 2 | 0 | |a dôchodok čistý |
| 610 | 2 | 0 | |a náklady životné |
| 610 | 2 | 0 | |a bývanie |
| 610 | 2 | 0 | |a výdavky |
| 610 | 2 | 0 | |a spotrebitelia |
| 610 | 2 | 0 | |a porovnanie cenové |
| 610 | 2 | 0 | |a porovnanie štatistické |
| 610 | 2 | 0 | |a Česko |
| 100 | 1 | |a Stipek, Vladimir | |